• 首页
  • 本馆介绍
  • 公告通知
  • 最新文献
  • 馆藏检索
  • 电子资源
  • 读者导购
  • 参考咨询
  • 我的图书馆
  • 登录
  • 详细信息显示
  • 放入我的书架
  • 预约/预借图书
  • 作者相关作品
  • 分类相关作品
  • 丛书相关作品
  • 出版社相关作品

书目信息

  • 表格格式
  • 工作单格式
  • 卡片格式
题名:
煤化工工艺学
    
 
作者: 申峻 编著
分册:  
出版信息: 北京   化学工业出版社  2020.12
页数: 324页
开本: 26cm
丛书名:
单 册:
中图分类: TQ53
科图分类:
主题词: 煤化工--mei hua gong--工艺学--高等学校--教材
电子资源:
ISBN: 978-7-122-36888-1
000 01112nam0 2200253 450
001 CAL 0120217111278
005 20230217093112.0
010    @a978-7-122-36888-1@dCNY59.00
100    @a20210203d2020 em y0chiy0120 ea
101 0  @achi
102    @aCN@b110000
105    @aa a 000yy
106    @ar
200 1  @a煤化工工艺学@Amei hua gong gong yi xue@f申峻等编著
210    @a北京@c化学工业出版社@d2020.12
215    @a324页@c图@d26cm
300    @a教育部高等学校化工类专业教学指导委员会推荐教材
320    @a有书目
330    @a本书结合现代新型煤化工技术及工艺的发展, 以更好地适应我国蓬勃发展的煤化工技术对人才的需求。本书共分12章。主要介绍煤化工的发展历程及范畴、煤的低温干馏过程及产品、煤的成焦过程及原理、现代焦化厂炼焦工艺、炼焦化学产品的回收与精制、煤的气化、煤制天然气技术、煤的直接液化和间接液化、煤制甲醇及衍生物、煤制乙二醇、煤基炭材料以及煤化工的污染及防治, 重点介绍各种煤化工技术的原理、工艺及主要设备等。
606 0  @a煤化工@Amei hua gong@x工艺学@x高等学校@j教材
690    @aTQ53@v5
701  0 @a申峻@Ashen jun@4编著
801  0 @aCN@bBJXHZP@c20230228
905    @b1385517-8@dTQ53@e102@f2
    
    煤化工工艺学/申峻等编著.-北京:化学工业出版社,2020.12
    324页:图;26cm
    教育部高等学校化工类专业教学指导委员会推荐教材
    
    ISBN 978-7-122-36888-1:CNY59.00
    本书结合现代新型煤化工技术及工艺的发展, 以更好地适应我国蓬勃发展的煤化工技术对人才的需求。本书共分12章。主要介绍煤化工的发展历程及范畴、煤的低温干馏过程及产品、煤的成焦过程及原理、现代焦化厂炼焦工艺、炼焦化学产品的回收与精制、煤的气化、煤制天然气技术、煤的直接液化和间接液化、煤制甲醇及衍生物、煤制乙二醇、煤基炭材料以及煤化工的污染及防治, 重点介绍各种煤化工技术的原理、工艺及主要设备等。
●
相关链接 在E读中查询图书 在五车中查询图书 在当当中查询图书 在豆瓣中查询图书


正题名:煤化工工艺学     索取号:TQ53/102         预约/预借

序号 登录号 条形码 馆藏地/架位号 状态 备注
1 1385517   213855176   第二样本阅览室/ [索取号:TQ53/102] 在馆    
2 1385518   213855185   第三借阅区/ [索取号:TQ53/102] 在馆    
唐山师范学院图书馆 欢迎您!
大连网信软件有限公司© 版权所有